Hành trang tuổi mười tám : Tiểu thuyết
Gardado en:
| Autor Principal: | |
|---|---|
| Formato: | Libro |
| Idioma: | Undetermined |
| Publicado: |
Hà Nội
Phụ nữ
2008
|
| Những chủ đề: | |
| Các nhãn: |
Engadir etiqueta
Sen Etiquetas, Sexa o primeiro en etiquetar este rexistro!
|
| Thư viện lưu trữ: | Trung tâm Học liệu Trường Đại học Cần Thơ |
|---|
| LEADER | 00553nam a2200205Ia 4500 | ||
|---|---|---|---|
| 001 | CTU_154666 | ||
| 008 | 210402s9999 xx 000 0 und d | ||
| 020 | |c 23000 | ||
| 082 | |a 895.92234 | ||
| 082 | |b K310 | ||
| 100 | |a Kim Nguyễn | ||
| 245 | 0 | |a Hành trang tuổi mười tám : | |
| 245 | 0 | |b Tiểu thuyết | |
| 245 | 0 | |c Kim Nguyễn | |
| 260 | |a Hà Nội | ||
| 260 | |b Phụ nữ | ||
| 260 | |c 2008 | ||
| 650 | |a Vietnamese fiction | ||
| 904 | |i Bạch Trúc | ||
| 980 | |a Trung tâm Học liệu Trường Đại học Cần Thơ | ||